[Event "Capablanca Memorial 2019"]
[Site "Havana CUB"]
[Date "2019.05.07"]
[Round "5"]
[White "Adhiban, Baskaran"]
[Black "Ivanchuk, Vassily"]
[Result "1/2-1/2"]
[WhiteElo "2701"]
[BlackElo "2677"]
[PlyCount "110"]
[EventDate "2019.05.03"]

1. c4 c5 2. Nf3 Nf6 3. d4 cxd4 4. Nxd4 e6 5. Nc3 Bb4 6. g3 O-O 7. Bg2 d5 8.
cxd5 Nxd5 9. Qb3 Qb6 10. Bxd5 exd5 11. Be3 Nc6 12. Nxc6 Bxc3+ 13. Qxc3 Qxc6 14.
Qxc6 bxc6 15. Rc1 Bd7 16. Bd4 f6 17. f3 h5 18. Kf2 a5 19. Rc5 a4 20. Bc3 Rfb8
21. Rd1 Ra7 22. a3 Kf7 23. Rd4 Ra6 24. Ke3 Re8+ 25. Kf2 Rb8 26. Ke3 Re8+ 27.
Kd2 Bh3 28. Ke1 Bf5 29. Kf2 Rb8 30. Rh4 Kg6 31. Rb4 Rxb4 32. axb4 Bd7 33. Bd4
Rb6 34. Rxd5 cxd5 35. Bxb6 Kf7 36. e4 dxe4 37. fxe4 f5 38. e5 Ke6 39. Bc7 g5
40. Ke3 Kd5 41. Bd6 Kc4 42. Be7 Kd5 43. Bf6 Bc6 44. h4 gxh4 45. gxh4 Bd7 46.
Kf4 Kc4 47. Kg5 f4 48. Kxf4 Kxb4 49. Kg5 Bg4 50. e6 Bxe6 51. Kxh5 Bf7+ 52. Kg5
Kb3 53. h5 Bxh5 54. Kxh5 a3 55. bxa3 Kxa3 1/2-1/2

[Event "Capablanca Memorial 2019"]
[Site "Havana CUB"]
[Date "2019.05.09"]
[Round "6"]
[White "Anton Guijarro, David"]
[Black "Ivanchuk, Vassily"]
[Result "1/2-1/2"]
[WhiteElo "2667"]
[BlackElo "2677"]
[PlyCount "87"]
[EventDate "2019.05.03"]

1. d4 Nf6 2. c4 e6 3. Nc3 Bb4 4. f3 O-O 5. a3 Bxc3+ 6. bxc3 Nc6 7. e4 e5 8. Ne2
d6 9. Ng3 Na5 10. Bd3 Be6 11. O-O Bxc4 12. Bxc4 Nxc4 13. Rb1 Nd7 14. f4 Ndb6
15. Nf5 f6 16. Rf3 Qd7 17. Rg3 g6 18. Qh5 Kh8 19. Rxg6 Qf7 20. Rh6 Qxh5 21.
Rxh5 Rf7 22. h3 Re8 23. Nh6 Rff8 24. fxe5 dxe5 25. Ng4 exd4 26. cxd4 Rxe4 27.
Bh6 Rf7 28. Rf1 Nd7 29. Rd5 Nd6 30. Bf4 Nb6 31. Ra5 Nbc4 32. Rxa7 h5 33. Nh6
Rg7 34. Bxd6 Nxd6 35. Nf5 Nxf5 36. Rxf5 Rxd4 37. Rxb7 Rd1+ 38. Kh2 Rd2 39. Rb8+
Kh7 40. Rxh5+ Kg6 41. Rc5 Kh7 42. Rh5+ Kg6 43. Rc5 Kh7 44. Rh5+ 1/2-1/2

[Event "Capablanca Memorial 2019"]
[Site "Havana CUB"]
[Date "2019.05.09"]
[Round "6"]
[White "Adhiban, Baskaran"]
[Black "Gonzalez Vidal, Yuri"]
[Result "1/2-1/2"]
[WhiteElo "2701"]
[BlackElo "2567"]
[PlyCount "114"]
[EventDate "2019.05.03"]

1. d4 Nf6 2. c4 e6 3. Nf3 d5 4. Nc3 Be7 5. g3 O-O 6. Bg2 dxc4 7. Ne5 c5 8. dxc5
Qxd1+ 9. Nxd1 Bxc5 10. O-O Nc6 11. Bxc6 bxc6 12. Be3 Bb6 13. Bxb6 axb6 14. Nc3
Nd5 15. a4 f6 16. Nxc4 Rb8 17. Ne4 Ba6 18. Rfc1 Rfd8 19. f3 e5 20. Kf2 Ne7 21.
g4 Bxc4 22. Rxc4 Ra8 23. b3 c5 24. e3 Nc6 25. Ke2 Kf7 26. h4 Rd5 27. Rd1 Rxd1
28. Kxd1 Rd8+ 29. Ke2 Rd5 30. Rc1 Rd7 31. Nd2 Na5 32. Rb1 Ke6 33. b4 cxb4 34.
Rxb4 Rd6 35. Ne4 Rc6 36. Kd3 Nb7 37. h5 Nd6 38. Nxd6 Kxd6 39. Rb5 Ke6 40. f4
exf4 41. exf4 Rd6+ 42. Ke3 Rc6 43. g5 fxg5 44. fxg5 Rd6 45. Ke4 Rc6 46. Re5+
Kf7 47. Kd5 Rc5+ 48. Kd6 Rxe5 49. Kxe5 Ke7 50. Kf5 Kd7 51. h6 g6+ 52. Kf6 Kd6
53. Kf7 Kd7 54. Kg7 Ke7 55. Kxh7 Kf7 56. Kh8 Kf8 57. Kh7 Kf7 1/2-1/2

[Event "Capablanca Memorial 2019"]
[Site "Havana CUB"]
[Date "2019.05.09"]
[Round "6"]
[White "Sevian, Samuel"]
[Black "Albornoz Cabrera, Carlos Daniel"]
[Result "0-1"]
[WhiteElo "2666"]
[BlackElo "2566"]
[PlyCount "94"]
[EventDate "2019.05.03"]

1. e4 c5 2. Nf3 Nc6 3. Bb5 d6 4. O-O Bd7 5. Re1 Nf6 6. c3 a6 7. Bc4 Bg4 8. d4
Bxf3 9. gxf3 g6 10. d5 Ne5 11. Be2 g5 12. Kh1 h6 13. f4 gxf4 14. Bxf4 h5 15.
Rg1 Bh6 16. Bxh6 Rxh6 17. Nd2 Qd7 18. f3 Rg6 19. Rxg6 Nxg6 20. Bf1 Qc7 21. a4
e6 22. Nc4 exd5 23. exd5 O-O-O 24. a5 Kb8 25. b4 Ne5 26. Rc1 Nfd7 27. Ne3 Rg8
28. Bh3 Nf6 29. Qf1 Re8 30. Bf5 Ng6 31. Nc4 Nf4 32. Be4 Qe7 33. Nd2 N6xd5 34.
bxc5 dxc5 35. Rb1 f5 36. Bxd5 Nxd5 37. Qd3 Qe6 38. Qc4 Qd6 39. Nb3 Nxc3 40. Rg1
Ne2 41. Rb1 Qc6 42. Rf1 Re5 43. Rf2 Qd6 44. Qc2 Nd4 45. Qc4 Re1+ 46. Kg2 Qg6+
47. Kh3 Re3 0-1

[Event "Russian Premier League 2019"]
[Site "Sochi RUS"]
[Date "2019.05.01"]
[Round "1"]
[White "Artemiev, Vladislav"]
[Black "Bocharov, Ivan"]
[Result "1-0"]
[WhiteElo "2754"]
[BlackElo "2568"]
[PlyCount "85"]
[EventDate "2019.05.01"]
[WhiteTeam "Ladia (Republic of Tatarstan)"]
[BlackTeam "Siberia (Novosibirsk region)"]

1. d4 Nf6 2. c4 e6 3. Nf3 b6 4. g3 Ba6 5. Nbd2 d5 6. Bg2 Bd6 7. O-O O-O 8. b3
Nbd7 9. e4 dxe4 10. Ng5 Be7 11. Ndxe4 Rb8 12. a4 Bb7 13. Be3 h6 14. Nxf6+ Bxf6
15. Bxb7 Bxg5 16. Bc6 Bxe3 17. fxe3 Qe7 18. b4 Rbd8 19. Qb3 e5 20. b5 Nf6 21.
Qc3 Ng4 22. Rae1 Qg5 23. Kg2 h5 24. Rf3 h4 25. h3 Nh6 26. dxe5 Nf5 27. g4 Ng3
28. Bd5 Rde8 29. a5 Qxe5 30. Qxe5 Rxe5 31. e4 g6 32. Rf6 Kg7 33. Rc6 Re7 34. e5
Kh6 35. Rf6 Kg5 36. a6 Rd7 37. Re3 Re7 38. Rff3 Kh6 39. Kf2 Kg5 40. Ke1 Kh6 41.
Kd2 Rd8 42. Kc2 Rdd7 43. Bxf7 1-0

[Event "Russian Premier League 2019"]
[Site "Sochi RUS"]
[Date "2019.05.02"]
[Round "2"]
[White "Malakhov, Vladimir"]
[Black "Dominguez Perez, Leinier"]
[Result "0-1"]
[WhiteElo "2660"]
[BlackElo "2750"]
[PlyCount "102"]
[EventDate "2019.05.01"]
[WhiteTeam "ShSM Legacy Square Capital (Moscow)"]
[BlackTeam "Mednyi vsadnik (St. Petersburg)"]

1. e4 e5 2. Nf3 Nc6 3. Bb5 Nf6 4. d3 Bc5 5. Bxc6 dxc6 6. Nbd2 Be6 7. O-O Bd6 8.
d4 Nd7 9. dxe5 Nxe5 10. Nxe5 Bxe5 11. f4 Qd4+ 12. Kh1 Bd6 13. Qe2 f6 14. c3 Qc5
15. c4 O-O-O 16. Rb1 Qd4 17. b3 Bb4 18. Nf3 Qd3 19. Qxd3 Rxd3 20. e5 Bf5 21.
Bb2 fxe5 22. Bxe5 Rhd8 23. Rbc1 g6 24. h3 a5 25. Kh2 a4 26. bxa4 Ra3 27. Nd4
Be4 28. Rf2 Bc5 29. Rd2 Bxd4 30. Rxd4 Rxd4 31. Bxd4 Rxa2 32. Kg3 Rxg2+ 33. Kh4
Bf5 34. c5 Ra2 35. Ra1 Rd2 36. Be5 Rd3 37. Kg5 Rxh3 38. a5 h5 39. a6 Rg3+ 40.
Kf6 bxa6 41. Rxa6 Kb7 42. Ra2 h4 43. Rb2+ Kc8 44. Bd4 h3 45. Rd2 Rg4 46. Ke5
Rh4 47. Bg1 Rh8 48. Kf6 Kb7 49. Ra2 Re8 50. Kg5 Re4 51. Bf2 h2 0-1

[Event "Russian Premier League 2019"]
[Site "Sochi RUS"]
[Date "2019.05.03"]
[Round "3"]
[White "Iljiushenok, Ilia"]
[Black "Vitiugov, Nikita"]
[Result "1/2-1/2"]
[WhiteElo "2534"]
[BlackElo "2734"]
[PlyCount "125"]
[EventDate "2019.05.01"]
[WhiteTeam "Moskovskaya oblast"]
[BlackTeam "Mednyi vsadnik (St. Petersburg)"]

1. e4 c6 2. d4 d5 3. Nc3 dxe4 4. Nxe4 Bf5 5. Ng3 Bg6 6. N1e2 Nf6 7. h4 h6 8.
Nf4 Bh7 9. Bc4 Nbd7 10. O-O Nb6 11. Bb3 a5 12. a3 a4 13. Ba2 Nbd5 14. c4 Nxf4
15. Bxf4 e6 16. d5 cxd5 17. cxd5 Nxd5 18. Bxd5 Qxd5 19. Qxd5 exd5 20. Rac1 Be7
21. Rfe1 Kf8 22. h5 Bf6 23. Be5 Bg5 24. Rc7 Kg8 25. Rd1 Rd8 26. f4 Bh4 27. Ne2
Bf5 28. g3 Bg4 29. Re1 d4 30. Bxd4 Bxg3 31. Nxg3 Rxd4 32. f5 Rd3 33. Rc3 Rxc3
34. bxc3 Kh7 35. Re7 Rc8 36. Rxf7 Kg8 37. Rxb7 Rxc3 38. Ne4 Rb3 39. Ra7 Bxf5
40. Ra8+ Kh7 41. Rxa4 Rh3 42. Nd6 Bc2 43. Ra5 Bd1 44. Kg2 Rd3 45. Nc4 Rc3 46.
Nd6 Bf3+ 47. Kf2 Bc6 48. Nf5 Rh3 49. Ng3 Rh4 50. Ne2 Rh2+ 51. Ke3 Rh3+ 52. Kf4
Rf3+ 53. Kg4 Rf1 54. Kg3 Rf3+ 55. Kg4 Rf2 56. Nf4 Rf1 57. Kg3 Rf3+ 58. Kg4 Re3
59. Ng6 Bf3+ 60. Kf4 Rc3 61. Nf8+ Kg8 62. Ng6 Kh7 63. Nf8+ 1/2-1/2

[Event "Russian Premier League 2019"]
[Site "Sochi RUS"]
[Date "2019.05.03"]
[Round "3"]
[White "Dominguez Perez, Leinier"]
[Black "Nozdrachev, Vladislav"]
[Result "1-0"]
[WhiteElo "2750"]
[BlackElo "2489"]
[PlyCount "96"]
[EventDate "2019.05.01"]
[WhiteTeam "Mednyi vsadnik (St. Petersburg)"]
[BlackTeam "Moskovskaya oblast"]

1. e4 e5 2. Nf3 Nc6 3. Bb5 a6 4. Ba4 Nf6 5. O-O Be7 6. Re1 b5 7. Bb3 O-O 8. a4
b4 9. a5 d6 10. c3 Rb8 11. Bc4 Nxe4 12. Bd5 Nxf2 13. Kxf2 Nxa5 14. cxb4 Rxb4
15. d4 c6 16. Ba2 exd4 17. Kg1 d5 18. Na3 Bf6 19. Nc2 Rb6 20. Ncxd4 c5 21. Ne2
Be6 22. Nf4 c4 23. Qd2 Nb3 24. Bxb3 Rxb3 25. Rxa6 c3 26. bxc3 Qc8 27. Nxe6 Bxc3
28. Qxd5 Bxe1 29. Qxb3 Qxc1 30. Qa3 Qxa3 31. Rxa3 Bb4 32. Ra4 Rb8 33. Ned4 g6
34. Kf1 Bc5 35. Ra2 Rb4 36. Nc6 Rb1+ 37. Ke2 Kg7 38. Nce5 Rb7 39. Kd3 Ra7 40.
Rc2 Be7 41. Ke4 Ra4+ 42. Nc4 Ra1 43. Rb2 Ra7 44. Nfe5 Ra1 45. Rb7 Kf8 46. Nc6
Re1+ 47. Kf3 Bg5 48. Nd6 Re3+ 1-0

[Event "Russian Premier League 2019"]
[Site "Sochi RUS"]
[Date "2019.05.03"]
[Round "3"]
[White "Artemiev, Vladislav"]
[Black "Motylev, Alexander"]
[Result "1/2-1/2"]
[WhiteElo "2754"]
[BlackElo "2650"]
[PlyCount "91"]
[EventDate "2019.05.01"]
[WhiteTeam "Ladia (Republic of Tatarstan)"]
[BlackTeam "HQ Sima-land (Sverdlovsk region)"]

1. Nf3 d5 2. g3 Bg4 3. Bg2 c6 4. c4 e6 5. cxd5 Bxf3 6. Bxf3 cxd5 7. O-O Nc6 8.
Nc3 Nf6 9. d4 Be7 10. e3 O-O 11. Bd2 Qd7 12. Qe2 Rfc8 13. Rfd1 Bf8 14. Rac1 a6
15. Qd3 Ne7 16. b3 Nc6 17. Na4 Qd8 18. Nc5 Nd7 19. b4 b6 20. Nxd7 Qxd7 21. e4
b5 22. exd5 exd5 23. a3 Nd8 24. Re1 Ne6 25. Rxc8 Rxc8 26. Re5 Bd6 27. Rxd5 g6
28. h4 h5 29. Bxh5 gxh5 30. Rxh5 f6 31. Rh6 Bf8 32. Rg6+ Bg7 33. Qf5 Re8 34. h5
Qxd4 35. Bh6 Kf7 36. Rxg7+ Nxg7 37. Qg6+ Ke6 38. Bxg7 Rd8 39. h6 Qd1+ 40. Kg2
Qd5+ 41. f3 Qe5 42. Kh3 Qa1 43. Qe4+ Kf7 44. Qb7+ Kg6 45. Qe4+ Kf7 46. Qb7+
1/2-1/2

[Event "Russian Premier League 2019"]
[Site "Sochi RUS"]
[Date "2019.05.04"]
[Round "4"]
[White "Vitiugov, Nikita"]
[Black "Artemiev, Vladislav"]
[Result "1/2-1/2"]
[WhiteElo "2734"]
[BlackElo "2754"]
[PlyCount "81"]
[EventDate "2019.05.01"]
[WhiteTeam "Mednyi vsadnik (St. Petersburg)"]
[BlackTeam "Ladia (Republic of Tatarstan)"]

1. e4 c5 2. Nf3 d6 3. d4 cxd4 4. Nxd4 Nf6 5. Nc3 a6 6. g3 g6 7. Bg2 Bg7 8. O-O
O-O 9. h3 Nc6 10. Be3 Bd7 11. Nde2 b5 12. Nd5 Rb8 13. c3 b4 14. c4 e6 15. Nxf6+
Qxf6 16. Rb1 Ne5 17. b3 Nf3+ 18. Kh1 Bc6 19. Ng1 Nxg1 20. Kxg1 Qe7 21. Qd3 Rfd8
22. Rbd1 a5 23. Rfe1 a4 24. Bd4 Ra8 25. Re2 axb3 26. axb3 Bxd4 27. Qxd4 e5 28.
Qd2 Qb7 29. h4 h5 30. Qe3 Qa7 31. Qh6 Qa3 32. Qe3 Qa7 33. Qxa7 Rxa7 34. Red2
Ra3 35. Rd3 Kg7 36. c5 Bb5 37. Rd5 Rxb3 38. cxd6 Bc6 39. Rc5 Rc3 40. Rxc3 bxc3
41. Rc1 1/2-1/2

[Event "Russian Premier League 2019"]
[Site "Sochi RUS"]
[Date "2019.05.04"]
[Round "4"]
[White "Kamsky, Gata"]
[Black "Dominguez Perez, Leinier"]
[Result "0-1"]
[WhiteElo "2664"]
[BlackElo "2750"]
[PlyCount "75"]
[EventDate "2019.05.01"]
[WhiteTeam "Ladia (Republic of Tatarstan)"]
[BlackTeam "Mednyi vsadnik (St. Petersburg)"]

1. d4 Nf6 2. Nf3 d5 3. Bf4 e6 4. Nbd2 Bd6 5. Bg3 O-O 6. e3 c5 7. c3 Qc7 8. a4
Nbd7 9. Bb5 b6 10. O-O Bxg3 11. hxg3 Bb7 12. a5 Bc6 13. axb6 axb6 14. Qb3 Rfb8
15. Be2 Ra7 16. Rfc1 Rba8 17. Qd1 h6 18. Rxa7 Qxa7 19. c4 Qa5 20. b3 Qb4 21.
Qc2 Ra3 22. cxd5 Bxd5 23. dxc5 Nxc5 24. Bc4 Bxc4 25. Qxc4 Qxc4 26. Nxc4 Nxb3
27. Rb1 Ra2 28. Nfe5 b5 29. Rxb3 bxc4 30. Rb8+ Kh7 31. f3 c3 32. Rc8 c2 33. Nd3
Nd5 34. Nc1 Ra1 35. Rxc2 Nb4 36. Rc7 Nd3 37. Kh2 Rxc1 38. Rxf7 0-1

[Event "Russian Premier League 2019"]
[Site "Sochi RUS"]
[Date "2019.05.05"]
[Round "5"]
[White "Artemiev, Vladislav"]
[Black "Chigaev, Maksim"]
[Result "1/2-1/2"]
[WhiteElo "2754"]
[BlackElo "2637"]
[PlyCount "100"]
[EventDate "2019.05.01"]
[WhiteTeam "Ladia (Republic of Tatarstan)"]
[BlackTeam "Molodezhka (Tyumen region)"]

1. e4 e5 2. Nc3 Nf6 3. g3 d5 4. exd5 Nxd5 5. Bg2 Nxc3 6. bxc3 Bd6 7. Nf3 O-O 8.
O-O Nc6 9. Rb1 Rb8 10. d4 h6 11. Re1 Re8 12. Nd2 Bf5 13. d5 Ne7 14. c4 b6 15.
Bb2 Ng6 16. h4 Nf8 17. Nf1 Nd7 18. Ne3 Bh7 19. Bh3 Nc5 20. Bf5 Qf6 21. Qg4 Bxf5
22. Nxf5 Kh7 23. h5 Qg5 24. Qxg5 hxg5 25. Kg2 f6 26. Bc1 Nb7 27. g4 Bc5 28. Be3
Nd6 29. Nxd6 cxd6 30. Bxc5 bxc5 31. Rb5 a6 32. Rb3 Rb4 33. Rxb4 cxb4 34. Rb1 a5
35. c3 bxc3 36. Rc1 Rc8 37. Rxc3 g6 38. hxg6+ Kxg6 39. Kf3 f5 40. gxf5+ Kxf5
41. Ke3 g4 42. a4 Rg8 43. c5 g3 44. fxg3 Rxg3+ 45. Kd2 Rxc3 46. Kxc3 dxc5 47.
Kc4 e4 48. d6 Ke6 49. Kxc5 Kd7 50. Kd4 Kxd6 1/2-1/2

[Event "Russian Premier League 2019"]
[Site "Sochi RUS"]
[Date "2019.05.07"]
[Round "6"]
[White "Schekachikhin, Maksim"]
[Black "Artemiev, Vladislav"]
[Result "0-1"]
[WhiteElo "2424"]
[BlackElo "2754"]
[PlyCount "128"]
[EventDate "2019.05.01"]
[WhiteTeam "Muzhskoe Dvizhenie (St. Petersburg)"]
[BlackTeam "Ladia (Republic of Tatarstan)"]

1. d4 d5 2. c4 c6 3. Nc3 Nf6 4. Nf3 e6 5. e3 Nbd7 6. Qc2 Bd6 7. Bd3 O-O 8. O-O
dxc4 9. Bxc4 e5 10. h3 exd4 11. exd4 Nb6 12. Bb3 Nfd5 13. Re1 h6 14. a3 Re8 15.
Bd2 Be6 16. Ba2 Bf8 17. Ne5 Nf6 18. Bxe6 Rxe6 19. Rad1 Nbd5 20. Qb3 Qb6 21.
Qxb6 axb6 22. Nxd5 Nxd5 23. Nc4 Rxe1+ 24. Rxe1 f6 25. g3 Kf7 26. Ne3 Nc7 27.
Nc4 b5 28. Na5 Ra7 29. Nb3 Nd5 30. Nc5 Be7 31. Kg2 b6 32. Nb3 Ke8 33. Kf3 Kd7
34. Ke4 Bd6 35. Rc1 Ra8 36. Kd3 h5 37. Rg1 g5 38. Nc1 Re8 39. Re1 Ra8 40. Ne2
b4 41. axb4 Ra2 42. Kc2 Bxb4 43. Bxb4 Nxb4+ 44. Kc3 Nd5+ 45. Kb3 Ra5 46. g4 h4
47. f4 Ra8 48. fxg5 fxg5 49. Nc3 Nf4 50. Ne4 Nxh3 51. Rh1 Nf4 52. Nxg5 Rh8 53.
Kc3 Rg8 54. Nf3 h3 55. Kd2 Ke6 56. Re1+ Kf6 57. Ne5 Rd8 58. Nf3 c5 59. Re5
Rxd4+ 60. Kc2 Rc4+ 61. Kb3 b5 62. Rf5+ Ke7 63. g5 Nd3 64. g6 Nc1+ 0-1

[Event "Russian Premier League 2019"]
[Site "Sochi RUS"]
[Date "2019.05.08"]
[Round "7"]
[White "Artemiev, Vladislav"]
[Black "Inarkiev, Ernesto"]
[Result "1-0"]
[WhiteElo "2754"]
[BlackElo "2691"]
[PlyCount "87"]
[EventDate "2019.05.01"]
[WhiteTeam "Ladia (Republic of Tatarstan)"]
[BlackTeam "ShSM Legacy Square Capital (Moscow)"]

1. c4 c5 2. g3 Nf6 3. Bg2 d5 4. cxd5 Nxd5 5. Nf3 Nc6 6. d4 cxd4 7. Nxd4 Ndb4 8.
Nxc6 Qxd1+ 9. Kxd1 Nxc6 10. Nc3 Bd7 11. Be3 g6 12. Ke1 Bg7 13. Rc1 f5 14. f4
Kf7 15. Kf2 Rac8 16. Rhd1 Be6 17. Nd5 Rhd8 18. b4 Bd4 19. Bxd4 Bxd5 20. Bb6
axb6 21. Rxd5 Nxb4 22. Rxc8 Rxc8 23. Rb5 Nc6 24. Rxb6 Nd8 25. Ke3 e6 26. Kd3
Ke7 27. a4 Rc1 28. Bxb7 Ra1 29. Rb4 Nxb7 30. Rxb7+ Kf6 31. Rb4 Ra2 32. Kc4 Rxe2
33. a5 e5 34. a6 exf4 35. gxf4 g5 36. Ra4 Re4+ 37. Kb5 Re8 38. a7 gxf4 39. a8=Q
Rxa8 40. Rxa8 Ke5 41. Kc4 Ke4 42. Re8+ Kf3 43. Kd3 Kg2 44. Rf8 1-0

[Event "Russian Premier League 2019"]
[Site "Sochi RUS"]
[Date "2019.05.09"]
[Round "8"]
[White "Usmanov, Vasily"]
[Black "Vitiugov, Nikita"]
[Result "1/2-1/2"]
[WhiteElo "2437"]
[BlackElo "2734"]
[PlyCount "120"]
[EventDate "2019.05.01"]
[WhiteTeam "SShOR (St. Petersburg)"]
[BlackTeam "Mednyi vsadnik (St. Petersburg)"]

1. Nf3 e6 2. g3 b5 3. Bg2 Bb7 4. O-O Nf6 5. d3 g6 6. c3 Na6 7. b4 c5 8. a4 bxa4
9. b5 Nc7 10. c4 Bg7 11. Bb2 O-O 12. Nc3 d6 13. Rxa4 a6 14. bxa6 Bc6 15. a7
Bxa4 16. Qxa4 Qd7 17. Qa2 Na6 18. Qxa6 Rxa7 19. Qb5 Rb7 20. Qxd7 Nxd7 21. Ba1
Ra7 22. d4 Rfa8 23. Bb2 Rb8 24. Nb5 Ra2 25. Bc1 Rxe2 26. Be3 Rc2 27. Nxd6 cxd4
28. Nxd4 Bxd4 29. Bxd4 Rd2 30. Ba7 Rxd6 31. c5 Ra6 32. Bxb8 Nxb8 33. Bb7 Ra5
34. c6 Rc5 35. Ra1 Nxc6 36. Ra8+ Kg7 37. Rc8 Na5 38. Rxc5 Nxb7 39. Rc6 Na5 40.
Rc3 Nb7 41. h4 h5 42. Kg2 Nd6 43. Kf3 Kf6 44. Rc5 e5 45. Rc6 Ke6 46. Ra6 Kd5
47. Ke3 Nf5+ 48. Kf3 Nd6 49. Kg2 Ke6 50. Kh3 Kd5 51. Kh2 Ke6 52. Kg2 Kd5 53.
Kh3 Ke6 54. g4 hxg4+ 55. Kxg4 f6 56. f3 Kd5 57. Ra5+ Ke6 58. Ra7 Nf5 59. Ra6+
Kf7 60. Ra7+ Ke6 1/2-1/2

[Event "Russian Premier League 2019"]
[Site "Sochi RUS"]
[Date "2019.05.09"]
[Round "8"]
[White "Dominguez Perez, Leinier"]
[Black "Shubin, Kirill"]
[Result "1-0"]
[WhiteElo "2750"]
[BlackElo "2404"]
[PlyCount "65"]
[EventDate "2019.05.01"]
[WhiteTeam "Mednyi vsadnik (St. Petersburg)"]
[BlackTeam "SShOR (St. Petersburg)"]

1. e4 e6 2. d4 d5 3. Nc3 Bb4 4. e5 c5 5. a3 Ba5 6. b4 cxd4 7. Qg4 Kf8 8. Nb5
Bb6 9. Nf3 Nc6 10. Bb2 Nge7 11. Nbxd4 h5 12. Qf4 Ng6 13. Nxc6 bxc6 14. Qg3 h4
15. Qg4 h3 16. g3 c5 17. Bd3 Ne7 18. bxc5 Bxc5 19. O-O a5 20. Ng5 Nf5 21. Nxf7
Kxf7 22. Bxf5 Qf8 23. Bd3 Kg8 24. a4 Bd7 25. Bc1 Rb8 26. Bd2 Bb4 27. c3 Bc5 28.
Be3 Rb3 29. Bb5 Bc8 30. Bd4 Rh6 31. Rab1 Ra3 32. Be2 Bxd4 33. Qxd4 1-0

[Event "Russian Premier League 2019"]
[Site "Sochi RUS"]
[Date "2019.05.09"]
[Round "8"]
[White "Iljiushenok, Ilia"]
[Black "Artemiev, Vladislav"]
[Result "0-1"]
[WhiteElo "2534"]
[BlackElo "2754"]
[PlyCount "76"]
[EventDate "2019.05.01"]
[WhiteTeam "Moskovskaya oblast"]
[BlackTeam "Ladia (Republic of Tatarstan)"]

1. e4 c6 2. d4 d5 3. e5 Bf5 4. Nf3 e6 5. Be2 Nd7 6. O-O h6 7. Nbd2 Ne7 8. Nb3
Nc8 9. a4 a5 10. Bd2 Be7 11. Ne1 O-O 12. Bd3 Bh7 13. Qg4 Kh8 14. Bxh7 Kxh7 15.
Nd3 b6 16. f4 f5 17. exf6 Rxf6 18. Ne5 c5 19. dxc5 Bxc5+ 20. Nxc5 bxc5 21. c4
Nxe5 22. fxe5 Rg6 23. Qe2 dxc4 24. Rad1 Qd4+ 25. Kh1 Qg4 26. Rf3 c3 27. Bxc3
Qxa4 28. Rg3 Rxg3 29. hxg3 Ne7 30. Kh2 Nd5 31. Bd2 Qc2 32. Rc1 Qxb2 33. Qe4+
Kh8 34. Bxh6 gxh6 35. Rb1 Qf2 36. Rb7 Qf5 37. Qh4 h5 38. Qa4 Ne3 0-1

[Event "Russian Premier League 2019"]
[Site "Sochi RUS"]
[Date "2019.05.10"]
[Round "9"]
[White "Artemiev, Vladislav"]
[Black "Pershin, Denis"]
[Result "1-0"]
[WhiteElo "2754"]
[BlackElo "2409"]
[PlyCount "59"]
[EventDate "2019.05.01"]
[WhiteTeam "Ladia (Republic of Tatarstan)"]
[BlackTeam "SShOR (St. Petersburg)"]

1. c4 e5 2. Nc3 Nf6 3. Nf3 Nc6 4. e4 Bb4 5. d3 Bxc3+ 6. bxc3 d6 7. g3 h6 8. Bg2
Be6 9. O-O Qd7 10. Nh4 O-O-O 11. Qa4 Bh3 12. Nf5 Bxg2 13. Kxg2 Nh5 14. Rb1 Rde8
15. f3 g6 16. Ne3 f5 17. Nd5 f4 18. g4 Ng7 19. Nf6 Qe7 20. Nxe8 Nxe8 21. d4 h5
22. g5 Qxg5+ 23. Kh1 a6 24. Ba3 Qh4 25. c5 dxc5 26. Bxc5 Qh3 27. Qb3 b6 28.
Bxb6 cxb6 29. Qxb6 Kd7 30. dxe5 1-0

[Event "Russian Premier League 2019"]
[Site "Sochi RUS"]
[Date "2019.05.10"]
[Round "9"]
[White "Dominguez Perez, Leinier"]
[Black "Paravyan, David"]
[Result "1-0"]
[WhiteElo "2750"]
[BlackElo "2610"]
[PlyCount "93"]
[EventDate "2019.05.01"]
[WhiteTeam "Mednyi vsadnik (St. Petersburg)"]
[BlackTeam "Molodezhka (Tyumen region)"]

1. e4 c5 2. Nf3 d6 3. d4 cxd4 4. Nxd4 Nf6 5. Nc3 a6 6. Be3 e5 7. Nb3 Be7 8. f3
Be6 9. Qd2 O-O 10. O-O-O Nbd7 11. g4 b5 12. g5 Nh5 13. Nd5 Bxd5 14. exd5 f6 15.
gxf6 Rxf6 16. Na5 Nf4 17. Nc6 Qf8 18. Kb1 Bd8 19. c4 Bb6 20. cxb5 axb5 21. Bxb5
Kh8 22. Rhf1 Qf7 23. Bc4 Ng6 24. Be2 Nf4 25. Bc4 Ng6 26. Qf2 Bxe3 27. Qxe3 Rf4
28. Be2 Ne7 29. a3 Nc5 30. Nxe7 Qxe7 31. Rg1 Rb8 32. b4 h5 33. Rd2 Qh4 34. Rb2
Na4 35. Qa7 Nc3+ 36. Kc2 Rg8 37. Kxc3 Rd4 38. Qf7 Rf4 39. Qa7 Rd4 40. Bb5 Qf4
41. Re2 Qxf3+ 42. Kb2 Qxd5 43. Ba4 Qf3 44. Rgg2 Qf6 45. Bc2 Rf4 46. Rg6 Qf8 47.
Rh6+ 1-0

[Event "Cote d'Ivoire Rapid 2019"]
[Site "Abidjan CIV"]
[Date "2019.05.08"]
[Round "1"]
[White "Carlsen, M."]
[Black "So, W."]
[Result "1-0"]
[WhiteElo "2861"]
[BlackElo "2754"]
[PlyCount "79"]
[EventDate "2019.05.08"]

1. c4 e6 2. Nc3 d5 3. d4 Nf6 4. cxd5 Nxd5 5. e4 Nxc3 6. bxc3 c5 7. Rb1 Be7 8.
Nf3 O-O 9. Be2 b6 10. O-O Bb7 11. Qd3 Nd7 12. Re1 Rc8 13. Bf4 Nf6 14. Bd1 Nh5
15. Bd2 Qc7 16. Ng5 Nf4 17. Qg3 Ng6 18. Qg4 Bxg5 19. Bxg5 cxd4 20. cxd4 Qc3 21.
Bb3 Qxd4 22. Rbd1 Qe5 23. h4 h6 24. Bc1 h5 25. Qg5 Qxg5 26. Bxg5 Rc7 27. f4 Bc8
28. Rc1 Rb7 29. Rc3 Kh7 30. Rec1 Bd7 31. Rc7 Rxc7 32. Rxc7 f6 33. Rxd7 fxg5 34.
fxg5 Nxh4 35. Bxe6 Kg6 36. Rxa7 Kxg5 37. Rxg7+ Kf6 38. Rg8 Ng6 39. Rxf8+ Nxf8
40. Bf5 1-0

[Event "Cote d'Ivoire Rapid 2019"]
[Site "Abidjan CIV"]
[Date "2019.05.08"]
[Round "1"]
[White "Nakamura, Hi"]
[Black "Vachier Lagrave, M."]
[Result "1-0"]
[WhiteElo "2761"]
[BlackElo "2780"]
[PlyCount "103"]
[EventDate "2019.05.08"]

1. e4 c5 2. Nc3 d6 3. d4 cxd4 4. Qxd4 Nc6 5. Qd2 Nf6 6. b3 e6 7. Bb2 d5 8. exd5
exd5 9. O-O-O Be6 10. Kb1 Qa5 11. Nb5 Qxd2 12. Rxd2 Ne4 13. Re2 O-O-O 14. f3 a6
15. Nd4 Nxd4 16. Bxd4 Bc5 17. Bxc5 Nxc5 18. Rd2 Rhe8 19. Ne2 Bf5 20. Kb2 Ne6
21. g4 Bg6 22. h4 h6 23. Bg2 d4 24. Rhd1 d3 25. cxd3 Nd4 26. Nxd4 Rxd4 27. Kc3
Red8 28. h5 Bh7 29. Bf1 Rf4 30. Be2 f5 31. Rg1 Rd7 32. g5 Rh4 33. gxh6 gxh6 34.
d4 Rxh5 35. Bc4 Kc7 36. Rdg2 f4 37. Be6 Re7 38. Rg7 Kd6 39. Rxe7 Kxe7 40. Bc8
Bf5 41. Bxf5 Rxf5 42. Rg7+ Kf6 43. Rxb7 h5 44. Kc4 Kg6 45. d5 h4 46. d6 h3 47.
Re7 Rf8 48. Kd5 Rh8 49. Re1 Kg5 50. d7 Rd8 51. Kc6 Kh4 52. Re8 1-0

[Event "Cote d'Ivoire Rapid 2019"]
[Site "Abidjan CIV"]
[Date "2019.05.08"]
[Round "1"]
[White "Karjakin, Sergey"]
[Black "Nepomniachtchi, I."]
[Result "1/2-1/2"]
[WhiteElo "2752"]
[BlackElo "2773"]
[PlyCount "59"]
[EventDate "2019.05.08"]

1. e4 c5 2. Nf3 d6 3. d4 cxd4 4. Nxd4 Nf6 5. Nc3 a6 6. Bg5 e6 7. f4 h6 8. Bh4
Be7 9. Qf3 g5 10. fxg5 Nfd7 11. Nxe6 fxe6 12. Qh5+ Kf8 13. Bb5 Rh7 14. O-O+ Kg8
15. g6 Rg7 16. Rf7 Bxh4 17. Qxh6 Rxf7 18. gxf7+ Kxf7 19. Rf1+ Bf6 20. e5 dxe5
21. Ne4 Qb6+ 22. Kh1 axb5 23. Nxf6 Ke7 24. Qg7+ Kd8 25. Qg8+ Kc7 26. Ne8+ Kd8
27. Nd6+ Kc7 28. Ne8+ Kd8 29. Ng7+ Kc7 30. Ne8+ 1/2-1/2

[Event "Cote d'Ivoire Rapid 2019"]
[Site "Abidjan CIV"]
[Date "2019.05.08"]
[Round "1"]
[White "Topalov, V."]
[Black "Wei Yi"]
[Result "1/2-1/2"]
[WhiteElo "2740"]
[BlackElo "2736"]
[PlyCount "65"]
[EventDate "2019.05.08"]

1. e4 e5 2. Nf3 Nf6 3. Nxe5 d6 4. Nf3 Nxe4 5. Nc3 Nxc3 6. dxc3 Be7 7. Be3 O-O
8. Bd3 Nd7 9. Qe2 Nc5 10. Bxc5 dxc5 11. O-O-O Bd6 12. Rhe1 Qf6 13. Kb1 Be6 14.
Nd2 Rae8 15. Ne4 Qh6 16. Qf3 Bd5 17. Qf5 Be6 18. Qg5 Qxg5 19. Nxg5 g6 20. Nxe6
Rxe6 21. g3 Rfe8 22. Rxe6 Rxe6 23. Bc4 Re4 24. Bd5 Re2 25. Rf1 b6 26. Bf3 Re5
27. Kc1 c4 28. Kd2 Ra5 29. a3 Rb5 30. Kc1 Re5 31. Kd2 Rb5 32. Kc1 Re5 33. Kd2
1/2-1/2